This or That Blitz: Star Wars Organizations Quiz Stats

 Plays Quiz not verified by Sporcle

Score 0/30 Timer 01:00
1 Play Today
Star Wars Criminal or Governing % Correct
Ohnaka Gang???
83.1%
Black Sun Syndicate???
82.6%
Guavian Death Gang???
82.4%
Red Key Raiders???
82.4%
Xrexus Cartel???
81.7%
Jedi High Council???
80.8%
Hutt Clan???
80%
Galactic Republic???
79.8%
New Republic???
79.6%
Ivax Syndicate???
79.3%
Naboo Royal Advisory Council???
78.6%
Confederacy of Independent Systems???
78.6%
Toydarian Ministry Council???
78.4%
Gray Syndicate???
78.2%
Crymorah Syndicate???
77.9%
Star Wars Criminal or Governing % Correct
Alliance Civil Government???
77.7%
Pyke Syndicate???
77%
Galactic Empire???
77%
Kanjiklub???
75.8%
Ubdurian Empire???
70.7%
Sith Empire???
69%
Rebel Alliance???
69%
Cyban Front???
68.8%
Son-tuul Pride???
68.8%
Pantoran Assembly???
68.8%
Dug Council???
65%
Chiss Ascendancy???
62.9%
Zann Consortium???
62.4%
Shadow University???
57.7%
Zygerrian Slave Empire???
47.4%

You're not logged in!

Compare scores with friends on all Sporcle quizzes.
OR
Log In

Sporcle TV

Today on Sporcle TV


Watch our educational content, quiz creation guides, and fun videos on Sporcle TV.

Show Comments

Extras

Top Quizzes Today


Score Distribution

Your Account Isn't Verified!

In order to create a playlist on Sporcle, you need to verify the email address you used during registration. Go to your Sporcle Settings to finish the process.

Report this User

Report this user for behavior that violates our Community Guidelines.

Details: